Đường vào Hà Nội Tùy bút

Sách giới thiệu về phong tục tập quán, thú ẩm thực, ngôn ngữ và văn hóa dân gian, các danh nhân văn hóa thuộc địa bàn Hà Nội.

Shranjeno v:
Bibliografske podrobnosti
Glavni avtor: Băng Sơn
Format: Knjiga
Jezik:Undetermined
Izdano: Hà Nội Thanh niên 1997
Teme:
Oznake: Označite
Brez oznak, prvi označite!
Thư viện lưu trữ: Trung tâm Học liệu Trường Đại học Cần Thơ
LEADER 00709nam a2200193Ia 4500
001 CTU_22762
008 210402s9999 xx 000 0 und d
082 |a 915.97 
082 |b B116 
100 |a Băng Sơn 
245 0 |a Đường vào Hà Nội 
245 0 |b Tùy bút 
245 0 |c Băng Sơn 
260 |a Hà Nội 
260 |b Thanh niên 
260 |c 1997 
520 |a Sách giới thiệu về phong tục tập quán, thú ẩm thực, ngôn ngữ và văn hóa dân gian, các danh nhân văn hóa thuộc địa bàn Hà Nội. 
650 |a vietnam - hanoi - description and travel 
980 |a Trung tâm Học liệu Trường Đại học Cần Thơ